000 00476nam a2200193Ia 4500
005 20250425162308.0
008 250425s9999 xx 000 0 und d
041 _aeng
082 _a658.404
245 0 _aTHE STANDARD FOR PORTFOLIO MANAGEMENT
250 _aS.E.
260 _aEstados Unidos
_bPROYECT MANAGEMENT INSTITUTE
_c2006
260 _aS.L.
300 _a79
650 _aADMINISTRACION DE PROYECTOS
650 _aGERENCIA
942 _c01
010 _a60152
999 _c226291
_d226291